| 000 | 01145nam a2200277 a 4500 | ||
|---|---|---|---|
| 001 | ebr10714640 | ||
| 003 | CaPaEBR | ||
| 006 | m o u | ||
| 007 | cr cn||||||||| | ||
| 008 | 130606s2013 enka s 000 0 eng d | ||
| 020 | _z9781782165743 | ||
| 020 | _z9781782165750 (e-book) | ||
| 040 |
_aCaPaEBR _cCaPaEBR |
||
| 035 | _a(OCoLC)849917297 | ||
| 050 | 1 | 4 |
_aTK5105 _b.K45 2013eb |
| 100 | 1 | _aKeig, Andrew. | |
| 245 | 1 | 0 |
_aInstant RabbitMQ messaging application development how-to _h[electronic resource] : _bbuild scalable message-based applications with RabbitMQ / _cAndrew Keig. |
| 260 |
_aBirmingham : _bPackt Pub., _c2013. |
||
| 300 |
_a40 p. : _bill. (some col.) |
||
| 500 | _a"Instant: short, fast, focused"--Cover. | ||
| 533 |
_aElectronic reproduction. _bPalo Alto, Calif. : _cebrary, _d2013. _nAvailable via World Wide Web. _nAccess may be limited to ebrary affiliated libraries. |
||
| 650 | 0 | _aData transmission systems. | |
| 655 | 7 |
_aElectronic books. _2local |
|
| 710 | 2 | _aebrary, Inc. | |
| 856 | 4 | 0 |
_uhttp://site.ebrary.com/lib/rucke/Doc?id=10714640 _zAn electronic book accessible through the World Wide Web; click to view |
| 999 |
_c16098 _d16098 |
||